000 00318nam a22001337a 4500
008 170525b xxu||||| |||| 00| 0 eng d
020 _a9783772340321
041 _aeng
080 _a62
100 _a26
101 _aIM
245 _aMIKROPROZESONREN STEUERN UND STEUERN UND REGELN
_cLEDING.G
942 _2udc
_cBK
999 _c14209
_d14209